000 01478nam a2200301 a 4500
001 000024281
003 AM-YEHGA
005 20250618070849.0
008 970618s1968 ai | |||||||||0|||arm d
040 _aAM-YeHGA
041 0 _aarm
100 1 _aՀակոբյան, Թադևոս Խաչատուրի,
_d1917-1989
_91216
245 1 0 _aՀայաստանի պատմական աշխարհագրություն :
_bՈւրվագծեր /
_cԹ.Խ. Հակոբյան; Խմբ.՝ Հ.Գ. Ժամկոչյան.
246 3 _aИсторическая география Армении (очерки)
250 _a2-րդ, լրաց. և բարեփոխ. հրատ.
260 _aԵրևան :
_bՄիտք,
_c1968.
300 _a509 էջ :
_bնկ., քարտեզ. ;
_c22 սմ.
500 _aԱմփոփումը՝ ռուս. և անգլ. լեզուներով
504 _aՕգտագործված գրականություն (հայ. և ռուս. լեզուներով), էջ՝ 447-452
504 _aԱշխարհագրական անունների ցանկ, էջ՝ 467-494
504 _aԱնձնանունների և անունների ցանկ, էջ՝ 495-500
504 _aԺողովուրդների և ցեղերի անուններ, էջ՝ 501-502
650 1 4 _aԱշխարհագրություն
_zՀայաստան
_95299
650 1 4 _aՀայոց պատմություն
700 1 _aԺամկոչյան, Հայկազ Գևորգի,
_d1909-1981
_eխմբ.
_4edt
_93568
942 _2udc
_cBK
090 _c9862
999 _c9795
_d9795